Quizzes
Events
Quiz Creation
Community
Videos
Private Events
Remove Ads
Sign In
Join for FREE
Feedback
Dark Mode
Quiz Categories
Sports
Geography
Music
Movies
Television
Just For Fun
Miscellaneous
History
Literature
Language
Science
Gaming
Entertainment
Religion
Holiday
For Kids
Quiz Lab
Recent
Popular Today
Quiz Kudos Today
Editor Picks
Curator Picks
Quizzes by...
Day
Popularity
Type
Ratings
Length
Year
Community
Subscriptions
Recent Discussions
Orange Saloon
Badges
Playlists
Quests
Create
Leaderboards
Showdown
Live 5
Trivia Bingo
Activity
Puzzle Library
Sporcle Events
Private Events
Virtual Trivia
Globe League
Become a Host
Pub Owners
SporcleCon
Opinionation
Our Games
Videos
Blog
Mobile Apps
Partnerships
Remove Ads and Go Orange
Feedback
Music
Pop Music
The Beatles
Song
Album
Lyrics
Bands
Singers
Artist
Clip
Rock
Rap
Classical
Billboard
Country Music
Kpop
Taylor Swift
Music
Pop Music
The Beatles
Song
Album
Lyrics
Bands
Singers
Artist
Clip
Rock
Rap
Classical
Billboard
Country Music
Kpop
Taylor Swift
Random Quiz
Search Sporcle
×
Quiz Lab
Quiz Lab
Music
Christmas
Type in answers that appear in a list
Type in answers that appear in a list
Classic
Best Score? Go Orange.
Dominick the Donkey lyrics Stats
Can you name the Dominick the Donkey lyrics?
By
HankPO
6m
207 Questions
592 Plays
592 Plays
592 Plays
Comments
Comments
Give Quiz Kudos
Give Quiz Kudos
-
- Ratings
hide this ad
Replay
Link that replays current quiz
Next Quiz
Link to next quiz in quiz playlist
You Got
0%
They Got
Avg Score
41%
Avg Friend Score
Upgrade to see
Score Distribution
Jump to the score distribution portion of the page
Score
0/207
Timer
06:00
0
Plays Today
% Correct
the
97.3%
The
97.3%
The
97.3%
the
97.3%
the
97.3%
the
97.3%
The
97.3%
the
97.3%
The
97.3%
the
97.3%
the
97.3%
the
97.3%
the
97.3%
the
97.3%
Donkey
94.9%
donkey
94.9%
donkey
94.9%
donkey
94.9%
donkey
94.9%
Donkey
94.9%
donkey
94.9%
Donkey
94.9%
donkey
94.9%
Dominick
92.2%
Dominick
92.2%
Dominick
92.2%
Dominick
92.2%
Dominick
92.2%
Dominick
92.2%
Dominick
92.2%
Dominick!
92.2%
a
83.4%
a
83.4%
a
83.4%
he
73.5%
and
65.9%
and
65.9%
and
65.9%
and
65.9%
And
65.9%
And
65.9%
And
65.9%
is
65.4%
Its
64.9%
Its
64.9%
it's
64.9%
Its
64.9%
of
54.6%
of
54.6%
of
54.6%
to
54.4%
to
54.4%
to
54.4%
in
52%
Christmas
51.9%
Christmas
51.9%
Christmas
51.9%
Christmas
51.9%
You
50.2%
on
48.5%
on
48.5%
on
48.5%
be
46.3%
Italian
43.4%
Italian
43.4%
Italian
43.4%
Italian
43.4%
Italian
43.4%
la la la la la la la la la
41.7%
% Correct
la la la la la la ee oh da
41.7%
la la la-la la-la la la la la
41.7%
la la la-la la-la la-ee-oh-da
41.7%
la la la la la la la la la la
41.7%
la la la-la la-la la-ee-oh-da
41.7%
la la la-la la-la la la la la
41.7%
la la la-la la-la la-ee-oh-da
41.7%
for
41.6%
for
41.6%
His
40.9%
his
40.9%
his
40.9%
his
40.9%
When
40%
When
40%
heehaw
36.7%
heehaw
36.7%
heehaw
36.7%
heehaw
36.7%
heehaw
36.7%
heehaw
36.7%
heehaw
36.7%
heehaw
36.7%
heehaw
36.7%
heehaw
36.7%
heehaw
36.7%
heehaw
36.7%
heehaw
36.7%
heehaw
36.7%
heehaw
36.7%
heehaw
36.7%
hee-haw
36.7%
hee-haw
36.7%
hee-haw
36.7%
hee-haw
36.7%
hee-haw
36.7%
hee-haw
36.7%
hee-haw
36.7%
hee-haw
36.7%
hee-haw
36.7%
hee-haw
36.7%
hee-haw
36.7%
hee-haw
36.7%
him
36.5%
him
36.5%
Santa
34.3%
They
31.1%
name
30.9%
at
30.2%
Hey
29.1%
Italy
29.1%
Hey
29.1%
Hey
29.1%
Hey
29.1%
Hey
29.1%
Hey!
29.1%
see
28.7%
little
28.2%
little
28.2%
got
26.9%
never
26.2%
hills
25.7%
friend
24.8%
With
24.7%
Ching
24.3%
ching
24.3%
Ching
24.3%
Ching
24.3%
Ching
24.3%
% Correct
Ching
24.3%
Ching
24.3%
Ching
24.3%
reindeer
23.3%
kick
22.5%
Climb
21.6%
Santas
21.5%
Because
21.5%
cutest
20.6%
cannot
20.6%
their
19.8%
made
18.4%
head
18.2%
he'll
17.7%
Children
17.7%
they're
17.2%
says
17.1%
Chingedy
16.9%
Chingedy
16.9%
Chingedy
16.9%
sta
16.9%
Chingedy
16.9%
Chingedy
16.9%
Chingedy
16.9%
Chingedy
16.9%
Chingedy
16.9%
dance
16.7%
dance
16.7%
around
16.6%
bells
16%
look
15.9%
even
15.9%
jingle
15.4%
dress
15.4%
Josephine
15.4%
presents
15%
top
14.9%
shoes
14.9%
visits
14.7%
feet
14.7%
Brooklyn
14.4%
sing
14.4%
talk
14.4%
sing
14.4%
pair
14%
inside
13.5%
sled
13.3%
starts
13.3%
understands
13.3%
comes
13.2%
louie
12.7%
mayor's
12%
derby
12%
dominicks
12%
hands
11.8%
clap
11.7%
town
10.6%
brings
9%
labels
9%
su
6.1%
paisons
5.1%
Cumpare
4.9%
Cumpare
4.9%
Natale!
4.9%
Buon
4.6%
tarantel
4.2%
du
3%
Jusamagora
2.7%
ciuccianello
1.7%
Quiz Playlist
Details
Report
Send in Message
Add To Playlist
Classic:
Type in answers that appear in a list
Quiz Source
Last Updated: Feb 16, 2017
Quiz Scoreboard
CHALLENGE
Sign Up to Join the Scoreboard
Show All
Scores
Hide
Comments
May contain spoilers
Recently Published
An Introduction to Baseball
by treessimontrees
Sports
5m
Movies - When Are They Set?
by FPL_Elf
Movies
5m
Popular People in 1961
by mucciniale
History
6m
More to Explore
Quiz From the Vault
Featured Blog Post
Where Did the Easter Bunny Come From?
hide this ad
You Might Also Like...
Tags
Christmas Quiz
Donkey
Figure Out the Lyrics
Today's Top Quizzes in Music
Browse Music
hide this ad
Today's Top Quizzes in Christmas
Browse Christmas
Top Contributed Quizzes in Music
1
Taylor Swift All Songs (2024)
2
Guess the Artist- 70s Songs
3
KPOP LOGIC QUIZ
4
One Thing in Common: Music
5
2010s Album by Cover III
6
Guess the Taylor Swift song (Mystery Song)
7
Taylor Swift Logic Puzzle
8
2010s Album by Cover IV
9
2010s Album by Cover V
10
Kpop Logic Quiz
Explore More
Trending Topics
Crossword
Harry Potter
Marvel
Anime
NBA
Kpop
Disney
The Office
Country
Soccer
WWE
Pokémon
NFL
Puzzle
Song
hide this ad
More By:
HankPO
Quiz
Plays
Rating
Category
Featured
Created
NBA- 30 ppg 3+ Times
4,218
4.47
Sports
Jan 31, 2014
NBA- All Star Game Reserves (2000s)
775
4.25
Sports
Dec 11, 2015
Dominick the Donkey lyrics
592
4.72
Music
Dec 23, 2013
Players who average a double double their whole career?
492
4.80
Sports
Nov 16, 2013
NBA All-Star Game Reserves (2010's)
324
5.00
Sports
Jul 21, 2019
Go to Creator's Profile
Score Distribution
Quiz Creator Spotlight
HankPO
Follow
Send a Message
Quizzes Created
-
Created Quiz Play Count
-
More By This Creator
Popular Quizzes Today
1
Find the Countries of Europe - No Outlines Minefield
2
Find the US States - No Outlines Minefield
3
The Countries of the World
4
Popular People in 1961
5
US States
6
Find the US States
7
1-10 Letter E Words III
8
Risky Map Clicking: Biggest States A-Z
More Music Quizzes
Teenage Mutant Ninja Turtles 80's Theme Song
Quiz Lab
Trending Quizzes
Risky Map Clicking: Least Populous States A-Z
1-10 Letter F Words
1-10 Letter G Words
One Thing in Common: United Kingdom
Not Quite an Element Typing Challenge
Recently Updated
Leaping Animals
pecheneg
Reality TV Shows (A-Z)
bhenderson79
Rickey Henderson's Hall of Fame Teammates
pecheneg
Champions League XIs: Arsenal
pecheneg
Quick Pick: Celebrities in WWE's Hall of Fame
aduchscher
A-Z Keypad Blitz II
pecheneg
Multiple Oscar Actors
pecheneg
Mystery Phrase Blitz: Oscar 'Best Actors'
pecheneg
F. Scott Fitzgerald Novels
LTH
Pick 3 Villains
ddd62291
Trending Topics
Anime
Marvel
Disney
Harry Potter
Crossword
NBA
Kpop
Song
Pokémon
Soccer
Puzzle
The Office
Country
WWE
NFL
Your Account Isn't Verified!
In order to create a playlist on Sporcle, you need to verify the email address you used during registration. Go to your
Sporcle Settings
to finish the process.
Report this User
Report this user for behavior that violates our
Community Guidelines
.
Details:
Send Report
Go to the Sporcle.com Mobile Site →
Comments